[Event "Oberliga Nord O 0405"]
[Site "Germany"]
[Date "2005.03.13"]
[Round "8.2"]
[White "Hetey, Laszlo"]
[Black "Apel, Stefan"]
[Result "0-1"]
[WhiteElo "2336"]
[BlackElo "2335"]
[PlyCount "86"]
[EventDate "2004.10.24"]
[EventType "team-tourn"]
[EventRounds "9"]
[EventCountry "GER"]
[SourceTitle "EXT 2006"]
[Source "ChessBase"]
[SourceDate "2005.11.24"]
[SourceVersion "1"]
[SourceVersionDate "2005.11.24"]
[SourceQuality "1"]
[WhiteTeam "Lasker Steglitz"]
[BlackTeam "Berlin Empor"]
[WhiteTeamCountry "GER"]
[BlackTeamCountry "GER"]

1. d4 Nf6 2. c4 e6 3. Nc3 Bb4 4. e3 c5 5. Bd3 d5 6. cxd5 exd5 7. Nge2 Nc6 8. 0-0 0-0 9. a3 cxd4 10. Nxd4 Bd6 11. Nf5 Be5 12. Ne2 Re8 13. Ned4 Bd7 14. Nf3 Bc7 15. b4 Ne4 16. Ng3 Qf6 17. Qc2 Bxg3 18. hxg3 Qxa1 19. Bb2 Nxb4 20. Qb3 Qxb2 21. Qxb2 Nxd3 22. Qxb7 Be6 23. Nd4 h6 24. f3 Nd6 25. Qa6 Nc4 26. Rd1 Nc5 27. Qb5 Rac8 28. e4 dxe4 29. Nc6 Nd3 30. Qb7 Kh8 31. fxe4 Nc5 32. Qb5 Nxe4 33. Nxa7 Rb8 34. Qc6 Nxg3 35. Qf3 Nf5 36. Nc6 Ra8 37. Ra1 Nfe3 38. Nb4 Rab8 39. Re1 Bf5 40. Qf4 Kg8 41. Qc7 Be4 42. g4 Ra8 43. Qd7 Ne5 0-1

[Event "Oberliga Nord O 0405"]
[Site "Germany"]
[Date "2004.11.28"]
[Round "3.2"]
[White "Apel, Stefan"]
[Black "Trenner, Rolf"]
[Result "1/2-1/2"]
[WhiteElo "2335"]
[BlackElo "2280"]
[PlyCount "38"]
[EventDate "2004.10.24"]
[EventType "team-tourn"]
[EventRounds "9"]
[EventCountry "GER"]
[SourceTitle "EXT 2006"]
[Source "ChessBase"]
[SourceDate "2005.11.24"]
[SourceVersion "1"]
[SourceVersionDate "2005.11.24"]
[SourceQuality "1"]
[WhiteTeam "Berlin Empor"]
[BlackTeam "Potsdam Empor"]
[WhiteTeamCountry "GER"]
[BlackTeamCountry "GER"]

1. e4 e5 2. Nf3 Nc6 3. Bc4 Bc5 4. c3 d6 5. d4 exd4 6. cxd4 Bb4+ 7. Nc3 Nf6 8. 0-0 Bxc3 9. bxc3 Nxe4 10. d5 Ne7 11. Qd4 Nf6 12. Bg5 0-0 13. Bxf6 gxf6 14. Qxf6 Nf5 15. Qxd8 Rxd8 16. Rfe1 Bd7 17. Re4 Re8 18. Rf4 Re7 19. Bd3 Ng7 1/2-1/2

[Event "Oberliga Nord O 0304"]
[Site "Germany"]
[Date "2003.10.12"]
[Round "1.1"]
[White "Apel, Stefan"]
[Black "Waldmann, Hans Joachim"]
[Result "1-0"]
[WhiteElo "2331"]
[BlackElo "2351"]
[PlyCount "133"]
[EventDate "2003.10.12"]
[EventType "team-tourn"]
[EventRounds "9"]
[EventCountry "GER"]
[SourceTitle "EXT 2005"]
[Source "ChessBase"]
[SourceDate "2004.11.15"]
[SourceVersion "1"]
[SourceVersionDate "2004.11.15"]
[SourceQuality "1"]
[WhiteTeam "Berlin Empor"]
[BlackTeam "Weisse Dame"]
[WhiteTeamCountry "GER"]
[BlackTeamCountry "GER"]

1. g3 d5 2. Nf3 Nf6 3. Bg2 e6 4. 0-0 Be7 5. c4 0-0 6. b3 b6 7. Bb2 Bb7 8. d3 c5 9. e3 Nc6 10. Qe2 Qc7 11. Nc3 Rad8 12. Rfd1 Rfe8 13. Rac1 Qb8 14. Na4 d4 15. exd4 cxd4 16. a3 e5 17. b4 Nd7 18. Re1 Qa8 19. Nd2 Ncb8 20. Bh3 Bg5 21. f4 exf4 22. Qg4 Bf6 23. Qxf4 Ne5 24. Bf5 Ng6 25. Qf2 Bg5 26. Bxd4 Rxe1+ 27. Rxe1 Bxd2 28. Qxd2 Nc6 29. Bb2 Nd4 30. Bxd4 Rxd4 31. Qe3 Qd8 32. Nc3 Nf8 33. Nd5 Rxd5 34. cxd5 Bxd5 35. Qd4 Qa8 36. Be4 Bxe4 37. Qxe4 Qc8 38. d4 Qc3 39. Qe3 Qc4 40. Rd1 Qd5 41. Rd3 Ne6 42. Qf3 Qd7 43. d5 Nf8 44. d6 h6 45. Qd5 Ne6 46. Rc3 Kh7 47. Qc6 Qd8 48. d7 Qf6 49. Qe4+ g6 50. Qd3 h5 51. Rc1 h4 52. Rf1 Qe7 53. Rd1 hxg3 54. hxg3 Qg5 55. Kf2 Qf6+ 56. Kg2 Nd8 57. Rd2 Kg8 58. b5 g5 59. Qd4 Qe6 60. Qd5 Qe3 61. a4 g4 62. Qd3 Qg5 63. Re2 Qf6 64. Qe4 Ne6 65. Qxg4+ Kf8 66. Rf2 Qe7 67. Qxe6 1-0

[Event "Oberliga Nord O 0203"]
[Site "Germany"]
[Date "2003.01.26"]
[Round "5.3"]
[White "Apel, Stefan"]
[Black "Brameyer, Hermann"]
[Result "0-1"]
[WhiteElo "2337"]
[BlackElo "2294"]
[PlyCount "73"]
[EventDate "2002.10.20"]
[EventType "team-tourn"]
[EventRounds "9"]
[EventCountry "GER"]
[SourceTitle "EXT 2009"]
[Source "ChessBase"]
[SourceDate "2008.11.26"]
[SourceVersion "1"]
[SourceVersionDate "2008.11.26"]
[SourceQuality "1"]
[WhiteTeam "Berlin Empor"]
[BlackTeam "Lichtenberg"]
[WhiteTeamCountry "GER"]
[BlackTeamCountry "GER"]

1. e4 c5 2. Nf3 Nc6 3. Nc3 e5 4. Bc4 Be7 5. d3 Nf6 6. a3 d6 7. h3 0-0 8. 0-0 a6 9. Ba2 b5 10. Nd5 Nxd5 11. Bxd5 Bd7 12. b4 Qc7 13. Be3 Rac8 14. c3 a5 15. Qb3 Nd8 16. Nd2 Ne6 17. Qb1 h6 18. Nf3 Ng5 19. Nxg5 Bxg5 20. Bxg5 hxg5 21. Qc1 g4 22. hxg4 Bxg4 23. Qe3 Be6 24. Bxe6 fxe6 25. Rfc1 Ra8 26. d4 exd4 27. cxd4 c4 28. Rab1 Ra6 29. Rc3 e5 30. dxe5 dxe5 31. Qc5 Qf7 32. Rb2 axb4 33. Qxb4 Qh5 34. Qxb5 Qd1+ 35. Kh2 Rh6+ 36. Kg3 Qh1 37. Qxc4+ 0-1

[Event "Oberliga Nord O 0102"]
[Site "Germany"]
[Date "2002.03.17"]
[Round "7.4"]
[White "Franke, Holger"]
[Black "Apel, Stefan"]
[Result "0-1"]
[WhiteElo "2230"]
[BlackElo "2330"]
[PlyCount "54"]
[EventDate "2001.10.07"]
[EventType "team-tourn"]
[EventRounds "9"]
[EventCountry "GER"]
[SourceTitle "EXT 2002"]
[Source "ChessBase"]
[SourceDate "2001.11.25"]
[SourceVersion "1"]
[SourceVersionDate "2001.11.25"]
[SourceQuality "1"]
[WhiteTeam "Kreuzberg II"]
[BlackTeam "Berlin Empor"]
[WhiteTeamCountry "GER"]
[BlackTeamCountry "GER"]

1. d4 Nf6 2. Bg5 e6 3. e4 h6 4. Bxf6 Qxf6 5. Nc3 Bb4 6. Qd2 d6 7. a3 Ba5 8. f4 g5 9. Nh3 gxf4 10. Nxf4 Nc6 11. Bb5 Bd7 12. Bxc6 Bxc6 13. 0-0 Qg5 14. Qd3 Rg8 15. g3 0-0-0 16. d5 Bd7 17. Kh1 h5 18. Ng2 Rdf8 19. Rf3 Qe5 20. b4 Bb6 21. Raf1 Rg7 22. dxe6 Bxe6 23. Nd5 Bh3 24. Nxb6+ axb6 25. Rf4 Re8 26. Rd1 Bxg2+ 27. Kxg2 Qxf4 0-1

[Event "Oberliga Nord O 0001"]
[Site "Germany"]
[Date "2001.??.??"]
[Round "?"]
[White "Babic, Drasko"]
[Black "Apel, Stefan"]
[Result "1/2-1/2"]
[WhiteElo "2305"]
[BlackElo "2345"]
[PlyCount "20"]
[EventDate "2000.10.??"]
[EventType "team-tourn"]
[EventRounds "9"]
[EventCountry "GER"]
[SourceTitle "EXT 2004"]
[Source "ChessBase"]
[SourceDate "2003.11.25"]
[SourceVersion "1"]
[SourceVersionDate "2003.11.25"]
[SourceQuality "1"]

1. e4 c5 2. Nf3 Nc6 3. d4 cxd4 4. Nxd4 Nf6 5. Nc3 d6 6. Be2 e6 7. Be3 Be7 8. Qd2 a6 9. 0-0-0 Nxd4 10. Bxd4 b5 1/2-1/2

[Event "Oberliga Nord O 0001"]
[Site "Germany"]
[Date "2001.??.??"]
[Round "?"]
[White "Enders, Peter"]
[Black "Apel, Stefan"]
[Result "1-0"]
[WhiteElo "2465"]
[BlackElo "2345"]
[PlyCount "64"]
[EventDate "2000.10.??"]
[EventType "team-tourn"]
[EventRounds "9"]
[EventCountry "GER"]
[SourceTitle "EXT 2004"]
[Source "ChessBase"]
[SourceDate "2003.11.25"]
[SourceVersion "1"]
[SourceVersionDate "2003.11.25"]
[SourceQuality "1"]

1. e4 e5 2. Nf3 Nc6 3. Bb5 Nf6 4. 0-0 Nxe4 5. d4 Be7 6. Qe2 Nd6 7. Bxc6 bxc6 8. dxe5 Nb7 9. Re1 0-0 10. Nc3 Nc5 11. Be3 Ne6 12. Nd4 Nxd4 13. Bxd4 f6 14. Rad1 fxe5 15. Bxe5 Bf6 16. f3 Bxe5 17. Qxe5 d6 18. Qd4 Bd7 19. Ne4 Rf7 20. c4 c5 21. Qd5 h6 22. b4 cxb4 23. c5 c6 24. Qxd6 Qa5 25. Rd2 Re8 26. Ree2 Qa3 27. Kf2 Re6 28. Qd4 Rg6 29. Ng3 a5 30. Qc4 Kf8 31. Rxd7 Rxd7 32. Qe4 Kf7 1-0

[Event "Oberliga Nord O 0001"]
[Site "Germany"]
[Date "2000.??.??"]
[Round "?"]
[White "Kleeschaetzky, Rainer"]
[Black "Apel, Stefan"]
[Result "1-0"]
[WhiteElo "2340"]
[BlackElo "2345"]
[PlyCount "111"]
[EventDate "2000.10.??"]
[EventType "team-tourn"]
[EventRounds "9"]
[EventCountry "GER"]
[SourceTitle "EXT 2004"]
[Source "ChessBase"]
[SourceDate "2003.11.25"]
[SourceVersion "1"]
[SourceVersionDate "2003.11.25"]
[SourceQuality "1"]

1. e4 c5 2. c3 Nf6 3. e5 Nd5 4. Nf3 Nc6 5. d4 cxd4 6. cxd4 d6 7. Bc4 Nb6 8. Bb5 dxe5 9. Nxe5 Bd7 10. Nc3 Nxe5 11. dxe5 Bxb5 12. Nxb5 Qxd1+ 13. Kxd1 0-0-0+ 14. Ke2 a6 15. Be3 Nd5 16. Rac1+ Kb8 17. Ba7+ Ka8 18. Rhd1 axb5 19. Bb6 Nxb6 20. Rxd8+ Ka7 21. f4 g5 22. g3 Bg7 23. Rxh8 Bxh8 24. Kf3 Bg7 25. Ke4 Bh6 26. Rc7 gxf4 27. Rxe7 fxg3 28. hxg3 Bg5 29. Rxf7 h6 30. Rc7 Nc4 31. b3 Kb6 32. Rg7 Nd2+ 33. Kd5 Nf1 34. e6 Nxg3 35. e7 Bxe7 36. Rxe7 h5 37. b4 Nf1 38. Re6+ Kc7 39. Kc5 h4 40. Rh6 Ne3 41. Rh7+ Kb8 42. Kxb5 Ka7 43. a4 Nd5 44. a5 Nc3+ 45. Kc4 Ne4 46. Rxh4 Nf6 47. b5 Nd7 48. Rh7 Nf6 49. Rh8 b6 50. Rh6 Ng4 51. Rxb6 Ne5+ 52. Kd5 Nd3 53. Rf6 Kb7 54. Rf7+ Ka8 55. b6 Kb8 56. a6 1-0

[Event "BL2-Nord 9900"]
[Site "Germany"]
[Date "1999.10.10"]
[Round "1.1"]
[White "Rabiega, Robert"]
[Black "Apel, Stefan"]
[Result "1/2-1/2"]
[WhiteElo "2475"]
[BlackElo "2330"]
[PlyCount "61"]
[EventDate "1999.10.10"]
[EventType "team-tourn"]
[EventRounds "9"]
[EventCountry "GER"]
[SourceTitle "CBM 074 Extra"]
[Source "ChessBase"]
[SourceDate "2000.03.10"]
[SourceVersion "2"]
[SourceVersionDate "2000.03.10"]
[SourceQuality "1"]
[WhiteTeam "Koenig Tegel"]
[BlackTeam "Berlin Empor"]
[WhiteTeamCountry "GER"]
[BlackTeamCountry "GER"]

1. e4 c5 2. Nf3 Nc6 3. c3 Nf6 4. e5 Nd5 5. g3 d6 6. exd6 e6 7. Bg2 Bxd6 8. 0-0 0-0 9. d4 Bd7 10. dxc5 Bxc5 11. Nbd2 b5 12. Nb3 Be7 13. Nbd4 Rb8 14. Qe2 Nxd4 15. Nxd4 Bf6 16. Rd1 Qb6 17. Bxd5 exd5 18. Nc2 Qe6 19. Qxe6 fxe6 20. f4 Be8 21. Be3 Bg6 22. Nd4 Bxd4 23. Bxd4 a5 24. Kf2 Rbd8 25. Re1 Be4 26. Re3 h5 27. h4 Rf5 28. Rd1 Rdf8 29. Rde1 Kf7 30. Be5 Rg8 31. Rd1 1/2-1/2

[Event "BL2-Nord 9899"]
[Site "Germany"]
[Date "1999.03.21"]
[Round "8.4"]
[White "Schubert, Thomas"]
[Black "Apel, Stefan"]
[Result "1-0"]
[WhiteElo "2305"]
[BlackElo "2310"]
[PlyCount "76"]
[EventDate "1998.10.18"]
[EventType "team-tourn"]
[EventRounds "9"]
[EventCountry "GER"]
[SourceTitle "GER-chT2"]
[Source "ChessBase"]
[SourceDate "1999.07.01"]
[SourceVersion "1"]
[SourceVersionDate "1999.07.01"]
[SourceQuality "1"]
[WhiteTeam "Isernhagen"]
[BlackTeam "Berlin Empor"]
[WhiteTeamCountry "GER"]
[BlackTeamCountry "GER"]

1. d4 Nf6 2. Nf3 e6 3. c4 b6 4. a3 Bb7 5. Nc3 d5 6. Bg5 Be7 7. cxd5 Nxd5 8. Bxe7 Qxe7 9. Rc1 0-0 10. Nxd5 Bxd5 11. e3 c5 12. dxc5 bxc5 13. Bc4 Rd8 14. Qe2 Nd7 15. 0-0 Rab8 16. e4 Ba8 17. Rc2 Nf6 18. Nd2 Qc7 19. f3 Qe5 20. Nb3 g5 21. Bb5 Rdc8 22. Rfc1 c4 23. Rxc4 Rxc4 24. Bxc4 g4 25. Qf2 gxf3 26. gxf3 Kh8 27. Rc2 Qh5 28. Nd2 Rg8+ 29. Kh1 Qg5 30. Bf1 Qf4 31. Bg2 Nh5 32. Nf1 Qh6 33. Qd4+ f6 34. Qd7 Nf4 35. Rc8 Qg6 36. Ng3 h5 37. Rxg8+ Qxg8 38. Qe7 Qg5 1-0

[Event "BL2-Nord 9899"]
[Site "Germany"]
[Date "1999.01.31"]
[Round "5.3"]
[White "Becker, Walter"]
[Black "Apel, Stefan"]
[Result "0-1"]
[WhiteElo "2305"]
[BlackElo "2310"]
[PlyCount "54"]
[EventDate "1998.10.18"]
[EventType "team-tourn"]
[EventRounds "9"]
[EventCountry "GER"]
[SourceTitle "GER-chT2"]
[Source "ChessBase"]
[SourceDate "1999.07.01"]
[SourceVersion "1"]
[SourceVersionDate "1999.07.01"]
[SourceQuality "1"]
[WhiteTeam "Lasker Steglitz"]
[BlackTeam "Berlin Empor"]
[WhiteTeamCountry "GER"]
[BlackTeamCountry "GER"]

1. e4 c5 2. Nf3 Nc6 3. Bb5 g6 4. 0-0 Bg7 5. c3 Nf6 6. Re1 0-0 7. d4 d5 8. e5 Ne4 9. h3 Qb6 10. Bxc6 bxc6 11. Nbd2 Bf5 12. Nb3 c4 13. Nbd2 Rad8 14. g4 Be6 15. Nxe4 dxe4 16. Ng5 Bd5 17. Qc2 f6 18. exf6 exf6 19. Nxe4 f5 20. Ng3 fxg4 21. hxg4 Rd7 22. Ne4 Qd8 23. g5 Re7 24. Bd2 Qd7 25. Re3 Qg4+ 26. Ng3 Rxe3 27. Bxe3 Qf3 0-1

[Event "Berlin-ch op"]
[Site "Berlin"]
[Date "1999.??.??"]
[Round "1"]
[White "Apel, Stefan"]
[Black "Boewer, Roland"]
[Result "1-0"]
[WhiteElo "2310"]
[BlackElo "2164"]
[PlyCount "61"]
[EventDate "1999.??.??"]
[EventType "swiss"]
[EventRounds "9"]
[EventCountry "GER"]
[SourceTitle "EXT 2002"]
[Source "ChessBase"]
[SourceDate "2001.11.25"]
[SourceVersion "1"]
[SourceVersionDate "2001.11.25"]
[SourceQuality "1"]

1. e4 c5 2. Nf3 d6 3. d4 cxd4 4. Nxd4 Nf6 5. Nc3 a6 6. Rg1 e6 7. g4 Qc7 8. g5 Nfd7 9. Rg3 Nc6 10. Bg2 Nxd4 11. Qxd4 b5 12. a4 Rb8 13. axb5 axb5 14. Ra7 Qc5 15. Qxc5 Nxc5 16. b4 Na6 17. Bf1 Nxb4 18. Bxb5+ Kd8 19. Kd1 Rb7 20. Ra8 d5 21. exd5 exd5 22. Ba3 Kc7 23. Ra4 Bd7 24. Bxd7 Kxd7 25. Rf3 Kc6 26. Ra8 g6 27. Bxb4 Rxb4 28. Rxf7 Rd4+ 29. Ke2 Bb4 30. Rxh8 Bxc3 31. Rc8+ 1-0

[Event "Berlin-ch op"]
[Site "Berlin"]
[Date "1999.??.??"]
[Round "5"]
[White "Apel, Stefan"]
[Black "Paulsen, Dirk"]
[Result "1-0"]
[WhiteElo "2310"]
[BlackElo "2332"]
[PlyCount "116"]
[EventDate "1999.??.??"]
[EventType "swiss"]
[EventRounds "9"]
[EventCountry "GER"]
[SourceTitle "EXT 2002"]
[Source "ChessBase"]
[SourceDate "2001.11.25"]
[SourceVersion "1"]
[SourceVersionDate "2001.11.25"]
[SourceQuality "1"]

1. e4 e5 2. Nf3 Nc6 3. Bb5 Bc5 4. 0-0 d6 5. c3 Bd7 6. d4 Bb6 7. Na3 Nge7 8. Nc4 Ng6 9. a4 a6 10. Nxb6 cxb6 11. Bc4 0-0 12. Be3 Na5 13. Bd5 b5 14. Ng5 h6 15. Qh5 Qf6 16. axb5 Bxb5 17. Rxa5 Bxf1 18. Kxf1 hxg5 19. Bxg5 Nf4 20. Bxf6 Nxh5 21. Be7 Rfe8 22. Bxd6 exd4 23. cxd4 Nf6 24. Bxb7 Nxe4 25. Bf4 Rad8 26. d5 g5 27. Be3 Re5 28. Rxa6 Nd6 29. Bc6 Nc4 30. b4 Nxe3+ 31. fxe3 Rxe3 32. b5 Rb3 33. b6 Rb8 34. b7 R8xb7 35. Bxb7 Rxb7 36. Ke2 Rb5 37. Ra8+ Kg7 38. Rd8 Kf6 39. Rd7 Rb2+ 40. Kf3 Rb3+ 41. Kg4 Rb4+ 42. Kf3 Rb3+ 43. Kg4 Rb4+ 44. Kh3 Rb3+ 45. g3 Rb2 46. Ra7 Rd2 47. Ra5 Kf5 48. d6+ Kf6 49. Kg4 Rxh2 50. Rf5+ Ke6 51. Kxg5 Rh7 52. Rf6+ Kd7 53. g4 Ke8 54. Kf5 Rg7 55. g5 Rg8 56. Rh6 Kd7 57. Rh7 Ke8 58. Rh5 Rg6 1-0

[Event "BL2-Nord 9899"]
[Site "Germany"]
[Date "1998.12.13"]
[Round "3.3"]
[White "Stanke, Juergen"]
[Black "Apel, Stefan"]
[Result "1-0"]
[WhiteElo "2315"]
[BlackElo "2310"]
[PlyCount "55"]
[EventDate "1998.10.18"]
[EventType "team-tourn"]
[EventRounds "9"]
[EventCountry "GER"]
[SourceTitle "GER-chT2"]
[Source "ChessBase"]
[SourceDate "1999.07.01"]
[SourceVersion "1"]
[SourceVersionDate "1999.07.01"]
[SourceQuality "1"]
[WhiteTeam "Hamburger SK II"]
[BlackTeam "Berlin Empor"]
[WhiteTeamCountry "GER"]
[BlackTeamCountry "GER"]

1. e4 e5 2. Nc3 Nf6 3. Nf3 Nc6 4. g3 Bb4 5. Bg2 0-0 6. 0-0 Bxc3 7. dxc3 d6 8. Qe2 b6 9. b3 Qe8 10. Nh4 Bb7 11. Bg5 Nd7 12. Rae1 Kh8 13. Bc1 Nc5 14. f4 exf4 15. gxf4 f6 16. Bb2 Qf7 17. c4 Rae8 18. Qg4 b5 19. cxb5 Nb4 20. f5 Nxc2 21. Re2 Nb4 22. Ng6+ Kg8 23. Nxf8 Rxf8 24. e5 Bxg2 25. Rxg2 Nd5 26. e6 Qe7 27. Qd4 Nb6 28. Kh1 1-0

[Event "BL2-Nord 9899"]
[Site "Germany"]
[Date "1998.10.18"]
[Round "1.3"]
[White "Apel, Stefan"]
[Black "Hector, Jonny"]
[Result "0-1"]
[WhiteElo "2310"]
[BlackElo "2510"]
[PlyCount "62"]
[EventDate "1998.10.18"]
[EventType "team-tourn"]
[EventRounds "9"]
[EventCountry "GER"]
[SourceTitle "GER-chT2"]
[Source "ChessBase"]
[SourceDate "1999.07.01"]
[SourceVersion "1"]
[SourceVersionDate "1999.07.01"]
[SourceQuality "1"]
[WhiteTeam "Berlin Empor"]
[BlackTeam "Luebeck"]
[WhiteTeamCountry "GER"]
[BlackTeamCountry "GER"]

1. e4 e5 2. Nf3 Nc6 3. Bc4 Nf6 4. d3 Bc5 5. Nc3 d6 6. Bg5 h6 7. Bxf6 Qxf6 8. Nd5 Qd8 9. c3 Ne7 10. d4 Nxd5 11. dxc5 Nf4 12. 0-0 Qf6 13. cxd6 cxd6 14. g3 Bh3 15. Nd2 0-0 16. Re1 Rad8 17. Qf3 Qg6 18. Nf1 Bg4 19. Qe3 Nh3+ 20. Kg2 b5 21. Bb3 Kh8 22. f3 Bc8 23. Qxa7 Ng5 24. Nd2 f5 25. exf5 Qxf5 26. Re3 d5 27. Rf1 d4 28. cxd4 Rxd4 29. Rf2 Rxd2 30. Rxd2 Nxf3 31. Rd1 Qh3+ 0-1

[Event "Bundesliga 9798"]
[Site "Germany"]
[Date "1998.03.29"]
[Round "13.6"]
[White "Klebel, Martin"]
[Black "Apel, Stefan"]
[Result "0-1"]
[WhiteElo "2410"]
[BlackElo "2305"]
[PlyCount "72"]
[EventDate "1997.10.18"]
[EventType "team-tourn"]
[EventRounds "15"]
[EventCountry "GER"]
[SourceTitle "GER-chT"]
[Source "ChessBase"]
[SourceDate "1999.07.01"]
[SourceVersion "1"]
[SourceVersionDate "1999.07.01"]
[SourceQuality "1"]
[WhiteTeam "Passau"]
[BlackTeam "Berlin Empor"]
[WhiteTeamCountry "GER"]
[BlackTeamCountry "GER"]

1. d4 Nf6 2. Nf3 e6 3. c4 b6 4. a3 Bb7 5. Nc3 Ne4 6. Nxe4 Bxe4 7. e3 g6 8. Bd3 Bxd3 9. Qxd3 Bg7 10. e4 d6 11. Bg5 Qd7 12. Rd1 Nc6 13. 0-0 0-0 14. b4 h6 15. Be3 Rfe8 16. d5 Nd8 17. c5 bxc5 18. bxc5 dxc5 19. Bxc5 Nb7 20. Bd4 Bxd4 21. Qxd4 exd5 22. exd5 Qd6 23. Rc1 Re7 24. a4 Rd8 25. Rfd1 Qb6 26. Qf4 g5 27. Qg4 Nc5 28. h4 Ne4 29. Rd4 Qg6 30. hxg5 hxg5 31. Rc6 Rd6 32. Rxd6 cxd6 33. Rd1 f5 34. Qh3 Rh7 35. Nh4 Rxh4 36. Qb3 Qh5 0-1

[Event "GER CupT sf1"]
[Site "Walldorf"]
[Date "1998.??.??"]
[Round "?.3"]
[White "Bischoff, Klaus"]
[Black "Apel, Stefan"]
[Result "1-0"]
[WhiteElo "2545"]
[BlackElo "2305"]
[PlyCount "81"]
[EventDate "1998.03.??"]
[EventType "team-tourn"]
[EventRounds "1"]
[EventCountry "GER"]
[SourceTitle "EXT 1999"]
[Source "ChessBase"]
[SourceDate "1998.11.16"]
[SourceVersion "1"]
[SourceVersionDate "1998.11.16"]
[SourceQuality "1"]
[WhiteTeam "Solingen"]
[BlackTeam "Berlin"]
[WhiteTeamCountry "GER"]
[BlackTeamCountry "GER"]

1. c4 e5 2. Nc3 Nf6 3. Nf3 Nc6 4. g3 Bc5 5. Bg2 d6 6. 0-0 0-0 7. e3 a6 8. h3 Ba7 9. d3 h6 10. a3 Be6 11. b4 e4 12. dxe4 Bxc4 13. Re1 Re8 14. Bb2 Ne5 15. Nd2 Be6 16. Qc2 c6 17. Ne2 Rc8 18. Nd4 Bd7 19. f4 c5 20. bxc5 Bxc5 21. Qb3 Nc6 22. Rad1 Na5 23. Qa2 b5 24. Qa1 Qe7 25. Rc1 Bb6 26. Rxc8 Rxc8 27. Qb1 Nc4 28. Nxc4 Rxc4 29. Kh2 Ba5 30. Rd1 Bc3 31. Bxc3 Rxc3 32. Qb4 Rxe3 33. e5 Nh5 34. Qxd6 Qxd6 35. exd6 Rxa3 36. Nc6 Nxg3 37. Ne5 Be6 38. d7 Bxd7 39. Rxd7 f5 40. Rd8+ Kh7 41. Bd5 1-0

[Event "Dresden op 04th"]
[Site "Dresden"]
[Date "1995.??.??"]
[Round "?"]
[White "Apel, Stefan"]
[Black "Lau, Ralf"]
[Result "0-1"]
[WhiteElo "2340"]
[BlackElo "2490"]
[PlyCount "56"]
[EventDate "1995.07.??"]
[EventType "swiss"]
[EventRounds "9"]
[EventCountry "GER"]
[SourceTitle "EXT 1997"]
[Source "ChessBase"]
[SourceDate "1996.11.15"]
[SourceVersion "1"]
[SourceVersionDate "1996.11.15"]
[SourceQuality "1"]

1. c4 b6 2. Nc3 Bb7 3. d4 e6 4. a3 f5 5. d5 Nf6 6. g3 Bd6 7. Bg2 0-0 8. Nf3 Qe7 9. 0-0 a5 10. Nd4 Na6 11. b3 Nc5 12. Bb2 Nfe4 13. Ndb5 Be5 14. b4 axb4 15. axb4 Na6 16. Nxe4 Bxb2 17. Rb1 fxe4 18. Rxb2 exd5 19. cxd5 Qe5 20. Rc2 Bxd5 21. Nxc7 Nxc7 22. Rxc7 Bc6 23. Rxd7 Bxd7 24. Qxd7 Ra1 25. Bh3 Kh8 26. Qd2 e3 27. fxe3 Raxf1+ 28. Bxf1 Qa1 0-1

[Event "BL2-Nord 9495"]
[Site "Germany"]
[Date "1995.??.??"]
[Round "3.2"]
[White "Apel, Stefan"]
[Black "Paulsen, Dirk"]
[Result "1-0"]
[WhiteElo "2305"]
[BlackElo "2315"]
[PlyCount "95"]
[EventDate "1994.10.??"]
[EventType "team-tourn"]
[EventRounds "9"]
[EventCountry "GER"]
[SourceTitle "GER-chT2"]
[Source "ChessBase"]
[SourceDate "1999.07.01"]
[SourceVersion "1"]
[SourceVersionDate "1999.07.01"]
[SourceQuality "1"]
[WhiteTeam "Neukoelln"]
[BlackTeam "Lasker Steglitz"]
[WhiteTeamCountry "GER"]
[BlackTeamCountry "GER"]

1. c4 e5 2. Nc3 Nf6 3. g3 Bb4 4. Bg2 Bxc3 5. bxc3 0-0 6. Rb1 Nc6 7. e4 d6 8. Ne2 a6 9. 0-0 b5 10. d4 Bd7 11. f4 h6 12. fxe5 dxe5 13. h3 Re8 14. d5 Na5 15. c5 c6 16. g4 Qe7 17. d6 Qe6 18. Ng3 Nh7 19. Nf5 Qc4 20. Kh2 Nb7 21. Be3 Qxa2 22. Rf2 Qe6 23. Qd2 Na5 24. Bf1 Kh8 25. Bd3 Nc4 26. Bxc4 Qxc4 27. Rbf1 f6 28. Bxh6 gxh6 29. Qxh6 Qg8 30. Ne7 Qg7 31. Rxf6 Qxh6 32. Rxh6 Rf8 33. Ng6+ Kg8 34. Rxh7 Rxf1 35. Rxd7 a5 36. Ne7+ Kf8 37. Nxc6 a4 38. Rc7 Rf6 39. d7 Rxc6 40. Rxc6 Rd8 41. Rb6 Rxd7 42. Rxb5 Ra7 43. Rb2 Ke7 44. h4 Ra5 45. Ra2 Rxc5 46. Rxa4 Rxc3 47. g5 Re3 48. h5 1-0

[Event "BL2-Nord 9495"]
[Site "Germany"]
[Date "1995.??.??"]
[Round "1.2"]
[White "Apel, Stefan"]
[Black "Stanke, Juergen"]
[Result "1-0"]
[WhiteElo "2305"]
[BlackElo "2265"]
[PlyCount "83"]
[EventDate "1994.10.??"]
[EventType "team-tourn"]
[EventRounds "9"]
[EventCountry "GER"]
[SourceTitle "GER-chT2"]
[Source "ChessBase"]
[SourceDate "1999.07.01"]
[SourceVersion "1"]
[SourceVersionDate "1999.07.01"]
[SourceQuality "1"]
[WhiteTeam "Neukoelln"]
[BlackTeam "Hamburger SK II"]
[WhiteTeamCountry "GER"]
[BlackTeamCountry "GER"]

1. c4 g6 2. Nc3 Bg7 3. d4 d6 4. e4 e5 5. dxe5 dxe5 6. Qxd8+ Kxd8 7. f4 exf4 8. Bxf4 Bxc3+ 9. bxc3 Na6 10. 0-0-0+ Ke8 11. Nf3 Bd7 12. Bd3 h6 13. Rhe1 Ke7 14. Be5 Rh7 15. Bd4 Ba4 16. Rd2 c5 17. Bf2 Rd8 18. e5 Rg7 19. Be4 Rxd2 20. Nxd2 b6 21. Nf1 Nc7 22. Ne3 Ke8 23. Bh4 Bd7 24. Nd5 Nxd5 25. cxd5 Ne7 26. Bf6 Rg8 27. Kd2 Bb5 28. Ke3 Kd7 29. d6 Nf5+ 30. Kf4 Bc4 31. a4 Rb8 32. g4 g5+ 33. Bxg5 hxg5+ 34. Kxf5 Be6+ 35. Kf6 Rh8 36. Bf5 Rh6+ 37. Kxg5 Rxh2 38. Kf6 Rh6+ 39. Kg7 Rh3 40. Bxe6+ fxe6 41. g5 Rxc3 42. Rf1 1-0